<?xml version="1.0" encoding="UTF-8"?><?xml-stylesheet type="text/xsl" href="static/style.xsl"?><OAI-PMH xmlns="http://www.openarchives.org/OAI/2.0/" xmlns:xsi="http://www.w3.org/2001/XMLSchema-instance" xsi:schemaLocation="http://www.openarchives.org/OAI/2.0/ http://www.openarchives.org/OAI/2.0/OAI-PMH.xsd"><responseDate>2026-04-17T03:47:00Z</responseDate><request verb="GetRecord" identifier="oai:www.recercat.cat:2117/341344" metadataPrefix="marc">https://recercat.cat/oai/request</request><GetRecord><record><header><identifier>oai:recercat.cat:2117/341344</identifier><datestamp>2025-07-22T18:06:13Z</datestamp><setSpec>com_2072_1033</setSpec><setSpec>col_2072_452951</setSpec></header><metadata><record xmlns="http://www.loc.gov/MARC21/slim" xmlns:dcterms="http://purl.org/dc/terms/" xmlns:xsi="http://www.w3.org/2001/XMLSchema-instance" xmlns:doc="http://www.lyncode.com/xoai" xsi:schemaLocation="http://www.loc.gov/MARC21/slim http://www.loc.gov/standards/marcxml/schema/MARC21slim.xsd">
   <leader>00925njm 22002777a 4500</leader>
   <datafield ind2=" " ind1=" " tag="042">
      <subfield code="a">dc</subfield>
   </datafield>
   <datafield ind2=" " ind1=" " tag="720">
      <subfield code="a">García García, Marta</subfield>
      <subfield code="e">author</subfield>
   </datafield>
   <datafield ind2=" " ind1=" " tag="260">
      <subfield code="c">2020-11-27</subfield>
   </datafield>
   <datafield ind2=" " ind1=" " tag="520">
      <subfield code="a">“Hay que convencer de qué los riesgos psicosociales existen”(Profesor  Javier  Llaneza, ORP-Errores y horrores en la gestión de riesgos psicosociales)El presente proyecto de“Condiciones de trabajo y riesgos psicosociales en obra: evaluación y medidas preventivas”, tiene como objetivoprofundizar sobre los factorespsicosociales y los  riesgos  derivados  de  ellos  que  puedan  repercutir  en lasalud  y  bienestar  de  lostrabajadores. Posteriormente, elaborar una evaluación para conocer la afectación de éstosen los trabajadores de la construccióna pie de obraDesde  la  base  de  la  prevención  de  riesgos  laborales,  la  vertiente  psicosocial  queda  aúnbastante lejos de la comprensión y evaluación correcta respecto a la prevención de riesgos laborales  de  carácter  más  físico. Se  tratade una  especialidad  preventivaque  no  tiene  un recorrido de estudio de más de 30 años y, parece ser, que no se llegan a comprender como pueden afectar estos factores sobre el personalactivo. Pero la realidades que estos factores pueden llegar a ser unabase potenciadora en la apariciónde dañosgenerando una cadena de secuenciación con consecuenciaspara la salud y bienestar del individuo.A través de este proyecto,me dispongo a sintetizarla información existente sobrela vertiente psicosocialdesde  el  punto  de  vista  de  la  prevención  de  riesgos  laboralesy  analizar  los distintosmétodos para su evaluación.A continuación,siguiendo los métodos existentes para la  evaluación  de los  factores  psicológicos,  elaboraremos  un estudio  llevando  a  la  práctica dichos métodos a una obra en construccióncon el fin de conocer la realidad laboral de los trabajadoresen obra, así como plantear medidas preventivas y eficaces.Mediante los cuestionarios, entrevistas y visitas a pie de obra, recopilaremos la información necesaria con el objetivo de poder establecer unas bases de análisis en lafasede obraen la que se realiza el trabajoconel fin último de poder servir de guía para plantear medidas de inicio  de  actuacióny  poder  ir  desarrollando  y  mejorándolas  según  se  vayan  dando  las circunstancias.</subfield>
   </datafield>
   <datafield tag="653" ind2=" " ind1=" ">
      <subfield code="a">Àrees temàtiques de la UPC::Edificació::Seguretat en la construcció</subfield>
   </datafield>
   <datafield tag="653" ind2=" " ind1=" ">
      <subfield code="a">Àrees temàtiques de la UPC::Economia i organització d'empreses::Seguretat industrial::Prevenció de riscos laborals</subfield>
   </datafield>
   <datafield tag="653" ind2=" " ind1=" ">
      <subfield code="a">Building -- Safety measures</subfield>
   </datafield>
   <datafield tag="653" ind2=" " ind1=" ">
      <subfield code="a">Industrial safety</subfield>
   </datafield>
   <datafield tag="653" ind2=" " ind1=" ">
      <subfield code="a">Construcció -- Mesures de seguretat</subfield>
   </datafield>
   <datafield tag="653" ind2=" " ind1=" ">
      <subfield code="a">Seguretat en el treball</subfield>
   </datafield>
   <datafield tag="653" ind2=" " ind1=" ">
      <subfield code="a">Treball -- Aspectes psicològics</subfield>
   </datafield>
   <datafield ind2="0" ind1="0" tag="245">
      <subfield code="a">Condiciones de trabajo en obra: riesgos psicosociales: evaluación de riesgos y medidas preventivas</subfield>
   </datafield>
</record></metadata></record></GetRecord></OAI-PMH>